| 000 | 00896nam a22002297a 4500 | ||
|---|---|---|---|
| 003 | BUBTL | ||
| 008 | 240306b ||||| |||| 00| 0 eng d | ||
| 020 | _a98484660113 | ||
| 041 | _aBengali | ||
| 082 |
_21st ed. _a347/ D2601c/ 1993 |
||
| 100 |
_aদাস, শ্রী হরে কৃষ্ণ _95719 |
||
| 245 |
_aদেওয়ানী নিয়ম ও আদেশাবলী (সি আর এন্ড ও) প্রথম খন্ড/ _bশ্রী হরে কৃষ্ণ দাস |
||
| 250 | _a1st ed. | ||
| 260 |
_aঢাকা _bনিউ ওয়ার্সী বুক কর্পোরেশন _cc1993 |
||
| 300 |
_a575p. : _bill. ; 21 cm. |
||
| 526 | _aLaw | ||
| 650 | 0 |
_92102 _aLaw |
|
| 700 |
_aদাস, শ্রী হরে কৃষ্ণ _95719 |
||
| 856 |
_k0 _l0 _yDownload |
||
| 942 |
_2ddc _cBK |
||
| 999 |
_c7245 _d7245 |
||